000 00604aam a2200205 4500
999 _c1290
_d1290
003 OSt
005 20221228091414.0
008 100625s2008 enk j 000 1 eng d
020 _a9780141322575 (pbk.)
040 _aCaOL
_beng
_c.
_dKH8
082 _aFIC BAR
100 1 _aBarrie, J. M.
_q(James Matthew),
_d1860-1937.
_eAuthor
245 1 0 _aPeter Pan.
260 _c2008.
_aUK
_bPuffin Classics
490 1 _aPuffin classics.
500 _aIntroduced by Tony DiTerlizzi.
500 _aFirst published in 1911. First published in Puffin Books in 1967.
830 0 _aPuffin classics.
942 _2ddc
_cFIC